Ver a través: poder, rendición de cuentas y sociedad civil /
Αποθηκεύτηκε σε:
| Κύριος συγγραφέας: | |
|---|---|
| Άλλοι συγγραφείς: | |
| Μορφή: | Κείμενο |
| Έκδοση: |
Montevideo:
Instituto de Comunicación y Desarrollo
|
| Ετικέτες: |
Προσθήκη ετικέτας
Δεν υπάρχουν, Καταχωρήστε ετικέτα πρώτοι!
|
MARC
| LEADER | 00000 a a2200000 04500 | ||
|---|---|---|---|
| 001 | 37347 | ||
| 003 | |||
| 040 | |||
| 020 | |a 978-9974-7519-2-7 | ||
| 090 | |a 1001 C957p | ||
| 100 | |a Cruz, Anabel | ||
| 245 | |a Ver a través: poder, rendición de cuentas y sociedad civil / |c Anabel Cruz | ||
| 260 | |a Montevideo: |b Instituto de Comunicación y Desarrollo | ||
| 300 | |a 190 p. | ||
| 700 | |a ed. |a Pousadela, Inés M. |a ed. | ||
| 999 | |c 11649 |d 11649 | ||



